| 000 | 00955cam a2200301 4500500 | ||
|---|---|---|---|
| 005 | 20260111080455.0 | ||
| 041 | _afre | ||
| 042 | _adc | ||
| 100 | 1 | 0 |
_aQuinart, Émilien _eauthor |
| 245 | 0 | 0 | _a« Que faire de la gestion de fait ? » |
| 260 | _c2022. | ||
| 500 | _a53 | ||
| 690 | _aamende | ||
| 690 | _acomptabilité de fait | ||
| 690 | _acour des comptes | ||
| 690 | _adébet | ||
| 690 | _adeniers publics | ||
| 690 | _afaute grave | ||
| 690 | _agestion de fait | ||
| 690 | _agestion occulte | ||
| 690 | _ajustice financière | ||
| 690 | _aperformance | ||
| 690 | _apréjudice financier | ||
| 690 | _aresponsabilité personnelle et pécuniaire | ||
| 690 | _aséparation des ordonnateurs et des comptables | ||
| 786 | 0 | _nGestion & Finances Publiques | 2 | 2 | 2022-04-05 | p. 43-49 | 1969-1009 | |
| 856 | 4 | 1 | _uhttps://droit.cairn.info/revue-gestion-et-finances-publiques-2022-2-page-43?lang=fr&redirect-ssocas=7080 |
| 999 |
_c1616347 _d1616347 |
||